| 000 | 01126nmc a2200421 a 4500 | ||
|---|---|---|---|
| 003 | AR-BaBNM | ||
| 005 | 20251128203034.0 | ||
| 008 | 176119s1966 ||||||||||||||000 | spa|| | ||
| 040 | _cAR-BaBNM | ||
| 100 | 1 | _aPlanchard, Emile | |
| 245 | 1 | 0 | _aOrientaciones actuales de la pedagogía |
| 250 | _a3ª ed. | ||
| 260 |
_aBuenos Aires _bTroquel _c1966 |
||
| 300 | _a218 p. | ||
| 490 | 0 | _aEl mundo de hoy | |
| 504 | _aBibliografía: p. 209-218 | ||
| 600 | 1 | 4 | _aPiaget, Jean |
| 600 | 1 | 4 | _aDecroly, Ovide |
| 600 | 1 | 4 | _aKerschensteiner, Georg |
| 650 | 4 | _aPEDAGOGIA | |
| 650 | 4 | _aTEORIAS DE LA EDUCACION | |
| 650 | 4 | _aPSICOLOGIA DE LA EDUCACION | |
| 650 | 4 | _aSOCIOLOGIA DE LA EDUCACION | |
| 650 | 4 | _aMETODOS DE ENSENANZA | |
| 650 | 4 | _aCENTROS DE INTERES | |
| 651 | 4 | _aAlemania | |
| 651 | 4 | _aFrancia | |
| 651 | 4 | _aItalia | |
| 651 | 4 | _aEstados Unidos | |
| 653 | _aPEDAGOGOS | ||
| 653 | _aPSICOPEDAGOGIA | ||
| 653 | _aESCUELA NUEVA | ||
| 653 | _aMETODO MONTESSORI | ||
| 700 | 1 |
_aColombino, María Luisa _etraductor |
|
| 800 | 1 |
_aSciacca, Michele Federico _edirector |
|
| 942 | _cBK | ||
| 998 | _csilvi | ||
| 999 |
_c1618 _d1618 |
||